000 00857nam a22002177a 4500
005 20120904115950.0
010 _aB-463589
020 _a9788129102508
_c495.00
035 _aB-463589
037 _adpl
_bRBC Pub/Ven
082 _a954.0842
100 _aMehrotra, S.R.
_952172
245 _aTowards India's freedom and partition/
_cby S.R. Mehrotra
260 _aNew delhi
_bRupa.Co
_c2007
270 _a7/16, Ansari Road, Daryaganj,
_bNew Delhi
_e110002
300 _avii 509p.
_c22cm (pbk)
500 _ait includes index
942 _2ddc
_cEN
_mMEH
_h954.0842
999 _c69704
_d69704